Agroturistika: podnikateľmi nedocenená Od labužníckeho užívania až po lukulské hody
Možnosti rozvoja cestovného ruchu vo vidieckej turistike agroturistike na Slovensku. Podmienky rozvoja v horských a podhorských oblastiach, vinohradníckych a nížinných oblastiach. Nová forma turistiky - gastronomická turistika. Škandinávsky typ agroturistiky.
Na minha lista:
| Autor principal: | |
|---|---|
| Formato: | Capítulo de Livro |
| Idioma: | eslovaco |
| Assuntos: | |
| Tags: |
Sem tags, seja o primeiro a adicionar uma tag!
|
MARC
| LEADER | 00000naa a2200000 4500 | ||
|---|---|---|---|
| 001 | r014232 | ||
| 005 | 20221213123228.4 | ||
| 041 | 0 | |a slo | |
| 044 | |a SK | ||
| 245 | 1 | 0 | |a Agroturistika: podnikateľmi nedocenená |b Od labužníckeho užívania až po lukulské hody |c J. Compel |
| 520 | |a Možnosti rozvoja cestovného ruchu vo vidieckej turistike agroturistike na Slovensku. Podmienky rozvoja v horských a podhorských oblastiach, vinohradníckych a nížinných oblastiach. Nová forma turistiky - gastronomická turistika. Škandinávsky typ agroturistiky. | ||
| 610 | 2 | 0 | |a agroturistika |
| 610 | 2 | 0 | |a Slovensko |
| 610 | 2 | 0 | |a dovolenka |
| 100 | 1 | |a Compel, J. | |